000 00378cam a2200157ua 4500
041 _aeng
_h
082 _a828.09
_bFUL/OS
100 _aFulford, Roger .
245 _aOsbert Sitewell /
_cRoger Fulford.
_hTextual Documents
250 _a1 /
_b.
260 _aLondon :
_bLongman Green and Co ,
_c1951.
300 _a44 ; .
504 _a
942 _cBK
999 _c7006
_d7006